Forensic Psychotherapy / Crime, Psychodynamics and the Offender Patient (Record no. 9701)
[ view plain ]
| 000 -LEADER | |
|---|---|
| fixed length control field | 01705cam a22001814a 4500 |
| 005 - ΗΜΕΡΟΜΗΝΙΑ ΚΑΙ ΩΡΑ ΤΕΛΕΥΤΑΙΑΣ ΕΝΗΜΕΡΩΣΗΣ | |
| Πεδίο ελέγχου | 20250605163719.0 |
| 008 - FIXED-LENGTH DATA ELEMENTS--GENERAL INFORMATION | |
| Πεδίο ελέγχου σταθερού μήκους | 250528s ||||||||||||||||||||||||d |
| 035 ## - SYSTEM CONTROL NUMBER | |
| System control number | 24864 |
| 040 ## - ΠΗΓΗ ΚΑΤΑΛΟΓΟΓΡΑΦΗΣΗΣ | |
| Φορέας πρωτότυπης καταλογογράφησης | MC Athens Campus Library |
| Γλώσσα καταλογογράφησης | Ελληνικά, Μοντέρνα (1453-) |
| Modifying agency | MC Athens Campus Library |
| Κανόνες περιγραφικής καταλογογράφησης | AACR2 |
| 245 1# - ΤΙΤΛΟΣ ΚΑΙ ΔΗΛΩΣΗ ΥΠΕΥΘΥΝΟΤΗΤΑΣ | |
| Τίτλος | Forensic Psychotherapy / Crime, Psychodynamics and the Offender Patient |
| 250 ## - EDITION STATEMENT | |
| Edition statement | 2nd |
| 260 ## - PUBLICATION, DISTRIBUTION, ETC. | |
| Name of publisher, distributor, etc. | Jessica Kingsley Publishers, |
| Date of publication, distribution, etc. | 2000 |
| 300 ## - PHYSICAL DESCRIPTION | |
| Extent | 716 |
| 520 ## - SUMMARY, ETC. | |
| Summary, etc. | This major compendium (originally published in two volumes) brings together the contributions of over sixty authors and covers all aspects - both theoretical and applied - of this field. Acknowledgements, Mainly Theory, The Criminal Act and Acting Out, Transference and Countertransference: General and Forensic Aspects, Related Disciplines, Psychotic and Borderline Process, The Origins of Rage and Aggression, A Psychodramatic Perspective, Mainly Practice, Forensic Psychotherapy and Its Neighbor, Expectations and Ethics, A Legal Perspective, A Police Perspective, A Probation Perspective, Central Issues, Psychodynamic Approaches to Assessment, Supportive and Interpretive Psychotherapy in Diverse Contents, The Multi-Disciplinary Team, From Our Own Correspondent, Training and Supervision: The Interface with Forensic Psychiatry, Training, Supervision, The Risks of Burnout, Special Challenges, Sex Offending and Perversions, Working with Adolescent Delinquents, The Antisocial Personality Disorders, From Abused to Abuser, Special Settings, Research, The Creative Arts Therapies, An Art Therapist's Inside View, Dramatherapy, Music Therapy, Dance Movement Therapy, A Final Reflection, Appendix, Bibliography, Subject and Autor Index. |
| 942 ## - ADDED ENTRY ELEMENTS (KOHA) | |
| Koha item type | Books |
| Τύπος τεκμηρίου | Βιβλιοθήκη | Τρέχουσα τοποθεσία | Barcode | Αριθμός εισαγωγής | Ημερομηνία απόκτησης | Ταξιθετικό σύμβολο | Αριθμός αντιτύπου | Κατάσταση απόσυρσης | Κατάσταση χαμένου | Κατάσταση κατεστραμμένου | Μη δανεισμός | Σύνολο δανεισμών | Ημερομηνία τελευταίας εμφάνισης | Η τιμή ισχύει από |
|---|---|---|---|---|---|---|---|---|---|---|---|---|---|---|
| Books | MC Athens Campus Library | MC Athens Campus Library | 9780000097002 | 7807 | 05/06/2025 | 614.1 COR | 2 | 05/06/2025 | 05/06/2025 |